Statystyki dla Szybkie pisanie

Kliknij tutaj aby rozwiązać quiz!

Ogólne statystyki

  • Ten quiz został rozwiązany 344 razy
  • Średni wynik to 8 z 12

Statystyki odpowiedzi

To wpisz!% Poprawnych
SzukającSzukając
90%
Korea PołudniowaKorea Południowa
86%
Republika Południowej AfrykiRepublika Południowej Afryki
83%
WytrzymanieWytrzymanie
76%
KonstantynopolitańczykowianeczkaKonstantynopolitańczykowianeczka
68%
PieprzykPieprzyk
64%
Zjednoczone KrólestwoZjednoczone Królestwo
64%
WyrewolwerowaneWyrewolwerowane
59%
NiedzielneNiedzielne
54%
SamoańskieSamoańskie
51%
NamibiańskieNamibiańskie
48%
Francuscy Francuzi pieczą croissantyFrancuscy Francuzi pieczą croissanty
15%

Rozkład punktacji

Percentyl według liczby udzielonych odpowiedzi

Procent ludzi z każdym wynikiem

Twoja historia wyników

Nie rozwiązałeś tego quizu